Aktuálne výzvy v postavení Taiwanu vo svetovom hospodárstve
Aktuálne výzvy v medzinárodnom ekonomickom prostredí, ktorým Taiwan čelí. Špecifiká hospodárskeho vývoja Taiwanu, ktoré viedli k vybudovaniu osobitného postavenia vo svetovej ekonomike, ako i trendom obchodno-politickej integrácie v regióne juhovýchodnej Ázie, ktorého je Taiwan súčasťou.
Na minha lista:
| Autor principal: | |
|---|---|
| Formato: | Capítulo de Livro |
| Idioma: | eslovaco |
| Assuntos: | |
| Tags: |
Sem tags, seja o primeiro a adicionar uma tag!
|
MARC
| LEADER | 00000naa a2200000 4500 | ||
|---|---|---|---|
| 001 | 0176019 | ||
| 005 | 20220729111426.8 | ||
| 041 | 0 | |a slo | |
| 044 | |a SK | ||
| 245 | 1 | 0 | |a Aktuálne výzvy v postavení Taiwanu vo svetovom hospodárstve |c Marek Csabay |
| 520 | |a Aktuálne výzvy v medzinárodnom ekonomickom prostredí, ktorým Taiwan čelí. Špecifiká hospodárskeho vývoja Taiwanu, ktoré viedli k vybudovaniu osobitného postavenia vo svetovej ekonomike, ako i trendom obchodno-politickej integrácie v regióne juhovýchodnej Ázie, ktorého je Taiwan súčasťou. | ||
| 610 | 2 | 0 | |a Taiwan |
| 610 | 2 | 0 | |a prostredie ekonomické |
| 610 | 2 | 0 | |a obchod voľný |
| 610 | 2 | 0 | |a integrácia ekonomická medzinárodná |
| 610 | 2 | 0 | |a politika obchodná |
| 610 | 2 | 0 | |a juhovýchodná Ázia |
| 610 | 2 | 0 | |a hospodárstvo svetové |
| 100 | 1 | |a Csabay, Marek | |